Hadas y dragones : el arte es magia /

Guardado en:
Autor Principal: Ciruelo (seudónimo)
Otros Autores: Cabral, Gustavo
Formato: Libro
Publicado: Buenos Aires : Doedytores, 2012
Materias:
Etiquetas: Agregar Etiqueta
Sin Etiquetas, Sea el primero en etiquetar este registro!
LEADER 00806nam a22002775a 4500
001 CEM.cems014358
005 20140424094357.0
008 130507s2012##################000#0#####d
003 CEMS
020 |a 9789879085578 
082 0 4 |a A863.4 
100 1 |a Ciruelo (seudónimo) 
245 1 0 |a Hadas y dragones :  |b el arte es magia /  |c Gustavo Cabral 
260 |a Buenos Aires :  |b Doedytores,  |c 2012 
300 |a 128 p. 
653 |a Literatura 
653 |a Literatura argentina 
653 |a Literatura fantástica 
653 |a Novelas 
653 |a Novelas fantásticas 
653 |a Dragones 
653 |a Narrativa 
653 |a Literatura juvenil 
653 |a Ministerio de educación-colección literaria 
700 1 |a Cabral, Gustavo 
859 |a CEMS  |b BIB. CEMS - 11 de abril  |h A863.4  |i C496  |p 26941.14  |t Ej.1